02324nam a2200397 i 4500001001000000003000900010005001700019007000300036008004100039020001500080040003000095041000800125082002100133100005900154245009900213264007000312300002800382336002700410337003300437338002800470500008200498504004000580505029000620590002600910650006000936650005600996700004301052910003701095942001401132952018101146952016801327952013301495952015601628952012501784999001701909000026301DO-SdBNP20250812133113.0ta110310s2005 dr r 000 0 spa d a9993479527 aDO-SdBNPbspacBNPHUerda aspa 4a923.1bG861g2221 aGrimaldi Silié, Eleanor, d1948-eautor4aut.98571310aGobernantes y presidentes de nuestro territorio /cEleanor Grimaldi Silié, Dennis R. Simó. 1aSanto Domingo, República Dominicana : bEditora Búho,c2005. a112 páginas ;c23 cm. atextobtxt2rdacontent asin mediaciónbn2rdamedia avolumenbnc2rdacarrier aIncluye datos biográficos de los autores en la solapa de la contracubierta. aBibliografías : páginas 111-112 aIntroducción--tGobernantes de la Isla de Sato Domingo y del territorio nacional (1492-2004) -- tBreve biografía y características de sus gobiernos y de los gobernantes a partir de la Primera República-- tBreve biografía de los vicepresidentes de la República Dominicana. aInventariado, 2025/BT 4aPresidenteszRepública DominicanaxBiografías91790 4aPresidenteszRepública DominicanaxHistoria969131 aSimó, Dennis R.,eautor4aut.914023 aValidado. Control de Calidad/MAA 2ddccLBS1 00102ddc56708DSaBNPHUbBNPHUcHDd2011-03-10eDonado por Eleonor Grimaldi Siliél0oBNPHU DS 923.1 G861gp26301-30r2020-06-25te.3w2020-06-25yLBS1ZPréstamo en sala 00102ddc56708DSaBNPHUbBNPHUcHDd2019-05-29eDonado por Raquel Martínezl0oBNPHU DS 923.1 G861gp26301-40r2020-06-25te.4w2020-06-25yLBS1ZNo se presta 00102ddc51708PDaBNPHUbBNPHUcMId2011-03-10l0oBNPHU PD 923.1 G861gp26301-10r2020-06-25w2020-06-25yLBS1ZNo se presta 00102ddc51708PDaBNPHUbBNPHUcHDd2011-03-10eDepósito Legall0oBNPHU PD 923.1 G861gp26301-20r2020-06-25te.2w2020-06-25yLBS1ZNo se presta 00102ddc56708DSaBNPHUbBNPHUcHDd2025-07-24l0oBNPHU DS 923.1 G861gp2025-7202r2025-07-24te.5w2025-07-24yLBS1 c25793d25793